ՀՀ Գիտությունների ազգային ակադեմիայի հիմնարար գիտական գրադարան  =   Fundamental Scientific Library of NAS RA

Գաւազանագիրք կաթողիկոսաց Աղթամարայ : (Record no. 123844)

MARC details
000 -LEADER
fixed length control field 00833nam a2200205 a 4500
003 - CONTROL NUMBER IDENTIFIER
control field AM-YeHGA
005 - DATE AND TIME OF LATEST TRANSACTION
control field 20250618072056.0
008 - FIXED-LENGTH DATA ELEMENTS--GENERAL INFORMATION
fixed length control field 040430s1920 au r 000 0 arm d
040 ## - CATALOGING SOURCE
Original cataloging agency AM-YeHGA
041 0# - LANGUAGE CODE
Language code of text/sound track or separate title arm
090 ## - LOCALLY ASSIGNED LC-TYPE CALL NUMBER (OCLC); LOCAL CALL NUMBER (RLIN)
-- 125199
100 1# - MAIN ENTRY--PERSONAL NAME
Personal name Ակինյան, Ներսես Հակոբի,
Dates associated with a name 1883-1963
245 10 - TITLE STATEMENT
Title Գաւազանագիրք կաթողիկոսաց Աղթամարայ :
Remainder of title Պատմական ուսումնասիրութիւն /
Statement of responsibility, etc. Հ.Ներսէս Վ. Ակինեան.
260 ## - PUBLICATION, DISTRIBUTION, ETC.
Place of publication, distribution, etc. Վիեննա :
Name of publisher, distributor, etc. Մխիթարեան,
Date of publication, distribution, etc. 1920.
300 ## - PHYSICAL DESCRIPTION
Extent 200 էջ.
440 #0 - SERIES STATEMENT/ADDED ENTRY--TITLE
Title Ազգային մատենադարան
Volume/sequential designation 306
9 (RLIN) 4491
650 14 - SUBJECT ADDED ENTRY--TOPICAL TERM
Topical term or geographic name entry element Հայոց եկեղեցի
General subdivision Պատմություն
9 (RLIN) 5146
856 4# - ELECTRONIC LOCATION AND ACCESS
Uniform Resource Identifier <a href="https://arar.sci.am/dlibra/publication/344109/edition/316952/content">https://arar.sci.am/dlibra/publication/344109/edition/316952/content</a>
Link text Կարդալ առցանց
942 ## - ADDED ENTRY ELEMENTS (KOHA)
Source of classification or shelving scheme Universal Decimal Classification
Koha item type Գրքեր / Books
Holdings
Withdrawn status Lost status Damaged status Not for loan Collection Home library Current library Date acquired Total checkouts Full call number Barcode Date last seen Price effective from Koha item type Public note Source of classification or shelving scheme
        General Fundamental Scientific Library Fundamental Scientific Library 22/12/2016   AII/32939 220032939 22/12/2016 22/12/2016 Գրքեր / Books 30 Days Loan  
        General Fundamental Scientific Library Fundamental Scientific Library 22/12/2016   AII/32940 220032940 22/12/2016 22/12/2016 Գրքեր / Books 30 Days Loan  
        General Fundamental Scientific Library Fundamental Scientific Library 22/12/2016   AII/32941 220032941 22/12/2016 22/12/2016 Գրքեր / Books 30 Days Loan  
        General Fundamental Scientific Library Fundamental Scientific Library 22/12/2016   AII/67202 220067202 22/12/2016 22/12/2016 Գրքեր / Books 30 Days Loan  
        Hovhannisian Individual Collection Fundamental Scientific Library Fundamental Scientific Library 25/10/2018   Հովհ/3197 FL0521644 25/10/2018 25/10/2018 Գրքեր / Books ILL Non-Circ. Universal Decimal Classification
        Alpoiajian Individual Collection Fundamental Scientific Library Fundamental Scientific Library 20/03/2019   Ալպ/776 FL0556194 20/03/2019 20/03/2019 Գրքեր / Books ILL Non-Circ Universal Decimal Classification


ՀՀ ԳԱԱ հիմնարար գիտական գրադարան
ՀՀ,Երևան 0019
Մարշալ Բաղրամյան 24/6
հեռախոս:(374-10) 52-47-50
Հետադարձ կապ

All site content, except where otherwise noted, is licensed under a
Creative Commons License